000 00837nam a2200217Ii 4500
003 JO-AjNU
008 230605s9999||||xx |||||||||||||| ||und||
017 _a2003/11537
040 _aJO-AjNU
_bara
_erda
_cJO-AjNU
041 _aara
050 1 4 _aHD31.I327 2003
100 3 _aاعداد توفيق، عبد الرحمن,
_eauthor
_957047
245 0 0 _aإدارة المستقبل: القيادة.. التفكير.. التسويق
264 3 1 _aالقاهرة: مركز الخبرات المهنية للادارة "بمبك"
300 _a303ص
_bيحتوي على صور توضيحية
336 _atext
_btxt
_2rdacontent
337 _aunmediated
_bn
_2rdamedia
338 _avolume
_bnc
_2rdacarrier
490 0 _aسلسلة اصدارات بمبك
650 4 _aادارة الاعمال - التغير التنظيمي
_957048
999 _aA25541
_c29109
_d29109